<?xml version="1.0" encoding="UTF-8"?>
<record
    xmlns:xsi="http://www.w3.org/2001/XMLSchema-instance"
    xsi:schemaLocation="http://www.loc.gov/MARC21/slim http://www.loc.gov/standards/marcxml/schema/MARC21slim.xsd"
    xmlns="http://www.loc.gov/MARC21/slim">

  <leader>00695cam a22002411  4500</leader>
  <controlfield tag="001">s  38000034 </controlfield>
  <controlfield tag="003">DLC</controlfield>
  <controlfield tag="005">20260227111912.0</controlfield>
  <controlfield tag="008">751203s1937    mx       b    000 0bspa c</controlfield>
  <datafield tag="010" ind1=" " ind2=" ">
    <subfield code="a">s  38000034 </subfield>
  </datafield>
  <datafield tag="035" ind1=" " ind2=" ">
    <subfield code="a">(OCoLC)1871777</subfield>
  </datafield>
  <datafield tag="040" ind1=" " ind2=" ">
    <subfield code="a">Smithsonian inst. Library</subfield>
    <subfield code="c">FU</subfield>
    <subfield code="d">OCoLC</subfield>
    <subfield code="d">DLC</subfield>
  </datafield>
  <datafield tag="042" ind1=" " ind2=" ">
    <subfield code="a">premarc</subfield>
  </datafield>
  <datafield tag="050" ind1="0" ind2="0">
    <subfield code="a">F2235.3</subfield>
    <subfield code="b">.D76</subfield>
  </datafield>
  <datafield tag="082" ind1=" " ind2=" ">
    <subfield code="a">923.28</subfield>
  </datafield>
  <datafield tag="100" ind1="1" ind2=" ">
    <subfield code="a">Dromundo, Baltasar.</subfield>
  </datafield>
  <datafield tag="245" ind1="1" ind2="0">
    <subfield code="a">Vida de Bol&#xED;var.</subfield>
  </datafield>
  <datafield tag="260" ind1=" " ind2=" ">
    <subfield code="a">Mexico</subfield>
    <subfield code="b">[Editorial "Mexico nuevo"]</subfield>
    <subfield code="c">1937.</subfield>
  </datafield>
  <datafield tag="300" ind1=" " ind2=" ">
    <subfield code="a">267 p.</subfield>
    <subfield code="c">20cm.</subfield>
  </datafield>
  <datafield tag="504" ind1=" " ind2=" ">
    <subfield code="a">"Obras consultadas":  p. 265-266.</subfield>
  </datafield>
  <datafield tag="504" ind1=" " ind2=" ">
    <subfield code="a">"Obras de Baltasar Dromundo.--Publicadas":  p. 267.</subfield>
  </datafield>
  <datafield tag="600" ind1="1" ind2="0">
    <subfield code="a">Bol&#xED;var, Sim&#xF3;n,</subfield>
    <subfield code="d">1783-1830.</subfield>
  </datafield>
  <datafield tag="999" ind1=" " ind2=" ">
    <subfield code="c">52736</subfield>
    <subfield code="d">52736</subfield>
  </datafield>
</record>
